TV Roommates Quiz Stats

 Plays Quiz Updated Mar 21, 2018

Challenge
Share
Tweet
Score 0/27 Timer 06:00
0 Plays Today
% Correct
The Big Bang Theory
99%
Friends
96.3%
Two and a Half Men
93.3%
Sesame Street
91.5%
2 Broke Girls
90.4%
The Golden Girls
85.3%
Scrubs
83.9%
M*A*S*H
83.8%
Full House
81.6%
How I Met Your Mother
79.9%
Mork & Mindy
75.3%
New Girl
74.2%
Will & Grace
73.2%
Three's Company
73.1%
% Correct
Gilligan's Island
66.2%
Laverne & Shirley
64.8%
The Odd Couple
59.7%
Unbreakable Kimmy Schmidt
54.7%
Entourage
53.5%
Community
53.1%
Arrested Development
53%
Gossip Girl
52.4%
Gilmore Girls
50%
It's Always Sunny in Philadelphia
42.1%
Perfect Strangers
41.8%
Bosom Buddies
37.7%
Don't Trust the B---- in Apartment 23
28.6%

You're not logged in!

Compare scores with friends on all Sporcle quizzes.
Join for Free
OR
Log In

You Might Also Like...

Show Comments

Extras

Top Quizzes Today


Score Distribution

Your Account Isn't Verified!

In order to create a playlist on Sporcle, you need to verify the email address you used during registration. Go to your Sporcle Settings to finish the process.

Report this User

Report this user for behavior that violates our Community Guidelines.

Details: